[Event "AUTO-OPEN-3626"]
[Site "http://www.queenalice.com/game.php?id=1413683"]
[Date "2016.3.16"]
[Round "1"]
[White "DORJJA"]
[Black "Prosperidade"]
[Result "1-0"]
[WhiteElo "1301"]
[BlackElo "1991"]

1. e4 e5 2. Nf3 d6 3. Nc3 Nf6 4. Bc4 h6 5. h3 c6 6. d4 exd4 7. Qxd4 Be7 8. O-O
O-O 9. Bf4 b5 10. Bd3 Nbd7 11. Rfe1 Re8 12. e5 dxe5 13. Nxe5 Bc5 14. Bh7+ Nxh7
15. Qd2 Nxe5 16. Qxd8 Rxd8 17. Bxe5 Rd2 18. Re2 Rxe2 19. Nxe2 Bf5 20. c3 Re8 21.
Bd4 Bxd4 22. Nxd4 Bd7 23. Kf1 c5 24. Nf3 Nf6 25. Re1 Rxe1+ 26. Kxe1 Bc6 27. Ke2
Bxf3+ 28. Kxf3 1-0

[Event "AUTO-OPEN-3626"]
[Site "http://www.queenalice.com/game.php?id=1413684"]
[Date "2016.3.16"]
[Round "1"]
[White "Prosperidade"]
[Black "DORJJA"]
[Result "0-1"]
[WhiteElo "1961"]
[BlackElo "1331"]

1. d4 d5 2. c4 dxc4 3. Nc3 Nf6 4. h3 Nc6 5. Nf3 h6 6. e4 e5 7. d5 Nb4 8. a3 Na6
9. Bxc4 Bc5 10. Bxa6 bxa6 11. Nxe5 O-O 12. O-O Bd6 13. Nf3 Re8 14. Re1 Bc5 15.
e5 Nh5 16. g4 Nf6 17. exf6 Rxe1+ 18. Qxe1 Qxf6 19. Qe8+ Bf8 20. Qc6 Qxc6 21.
dxc6 Be6 22. Bf4 Rc8 23. Rd1 Be7 24. Nd4 Bf6 25. Nxe6 fxe6 26. Rd7 e5 27. Be3
Kf8 28. Bxa7 Ke8 29. Bc5 e4 0-1

[Event "AUTO-OPEN-3626"]
[Site "http://www.queenalice.com/game.php?id=1413685"]
[Date "2016.3.16"]
[Round "1"]
[White "DORJJA"]
[Black "shirya00007"]
[Result "0-1"]
[WhiteElo "1350"]
[BlackElo "2194"]

1. e4 a6 2. d4 d5 3. e5 c5 4. c3 c4 5. Nf3 Bf5 6. Bg5 h6 7. Bh4 Nd7 8. b3 b5 9.
Nbd2 f6 10. h3 g5 11. Bg3 Bg7 12. exf6 Ngxf6 13. Ne5 h5 14. Ndf3 Ne4 15. Qc1
Nxg3 16. fxg3 Nxe5 17. Nxe5 Bxe5 18. Qxg5 Qa5 19. b4 Qa3 20. Rc1 Bxg3+ 21. Qxg3
Qxc1+ 22. Kf2 Rf8 23. Kg1 Be4 0-1

[Event "AUTO-OPEN-3626"]
[Site "http://www.queenalice.com/game.php?id=1413686"]
[Date "2016.3.16"]
[Round "1"]
[White "shirya00007"]
[Black "DORJJA"]
[Result "1-0"]
[WhiteElo "2257"]
[BlackElo "1319"]

1. h3 d5 2. a3 e5 3. d4 Nc6 4. dxe5 Nxe5 5. Bf4 Nc4 6. Qd3 c6 7. b3 Qf6 8. c3
Qxf4 9. bxc4 dxc4 10. Qd2 Bd6 11. e3 Qf6 12. Bxc4 Ne7 13. Nf3 h6 14. Qd4 Qg6 15.
Nbd2 O-O 16. Nh4 Qg5 17. Qxd6 Qxh4 18. g3 Nf5 19. Qxf8+ Kxf8 20. gxh4 Nxh4 21.
O-O-O Bf5 22. e4 Bg6 23. a4 a5 24. Rhg1 Bh5 25. Rde1 Re8 26. Kc2 Re5 27. Bd3 b5
28. axb5 cxb5 29. Ra1 b4 30. Nc4 Rc5 31. cxb4 1-0

[Event "AUTO-OPEN-3628"]
[Site "http://www.queenalice.com/game.php?id=1414397"]
[Date "2016.3.21"]
[Round "1"]
[White "MarcosGeraldo"]
[Black "DORJJA"]
[Result "1-0"]
[WhiteElo "1604"]
[BlackElo "1228"]

1. d4 d5 2. c4 dxc4 3. Nf3 Nc6 4. Nc3 e5 5. d5 Nb4 6. e4 f6 7. Bxc4 c5 8. a3 Na6
9. Nxe5 fxe5 10. Qh5+ g6 11. Qxe5+ Qe7 12. Qxh8 Nf6 13. Bg5 Kf7 14. d6+ Qe6 15.
Qxf6+ Ke8 16. Bxe6 Bxe6 17. Qxe6+ Be7 18. Qxe7# 1-0

[Event "AUTO-OPEN-3628"]
[Site "http://www.queenalice.com/game.php?id=1414398"]
[Date "2016.3.21"]
[Round "1"]
[White "DORJJA"]
[Black "MarcosGeraldo"]
[Result "0-1"]
[WhiteElo "1347"]
[BlackElo "1752"]

1. e4 e5 2. Nf3 Nc6 3. Nc3 Nf6 4. a3 Bc5 5. h3 O-O 6. Bb5 Nd4 7. d3 h6 8. Nxe5
Nxb5 9. Nxb5 c6 10. Nc3 d5 11. O-O dxe4 12. dxe4 Bd4 13. Bf4 Bxc3 14. bxc3 Qxd1
15. Rfxd1 Nxe4 16. Rd3 f6 17. Ng6 Re8 18. Re1 Bf5 19. Nh4 Bh7 20. Be3 Red8 21.
c4 Rxd3 22. cxd3 Nd6 23. Rd1 Rd8 24. Re1 Kf7 25. c5 Nc8 26. d4 Ne7 27. Bd2 Rxd4
28. Nf3 Rd3 29. Bc1 Nd5 30. Nd2 Rc3 31. Ne4 Bxe4 0-1

[Event "AUTO-OPEN-3628"]
[Site "http://www.queenalice.com/game.php?id=1414421"]
[Date "2016.3.21"]
[Round "1"]
[White "joao"]
[Black "DORJJA"]
[Result "1-0"]
[WhiteElo "2145"]
[BlackElo "1315"]

1. e4 e5 2. Nf3 Nc6 3. Bb5 a6 4. Ba4 b5 5. Bb3 Nf6 6. c3 Bc5 7. d4 exd4 8. cxd4
Bxd4 9. Nxd4 Nxe4 10. Nxc6 dxc6 11. Qxd8+ Kxd8 12. O-O f6 13. Rd1+ Nd6 14. Nc3
Bf5 15. Bf4 Kd7 16. Ne2 Rhe8 17. Nd4 Re4 18. Bg3 Bg4 19. Rd2 1-0

[Event "AUTO-OPEN-3628"]
[Site "http://www.queenalice.com/game.php?id=1414422"]
[Date "2016.3.21"]
[Round "1"]
[White "DORJJA"]
[Black "joao"]
[Result "0-1"]
[WhiteElo "1317"]
[BlackElo "2144"]

1. e4 e5 2. Nf3 Nc6 3. d4 exd4 4. Nxd4 Bc5 5. Be3 Qf6 6. c3 d6 7. Bc4 Nge7 8.
Nd2 Nxd4 9. Bxd4 Bxd4 10. cxd4 Qxd4 11. b3 O-O 12. O-O a6 13. Qe2 b5 14. Bd3 Ng6
15. Nf3 Qf6 16. Rac1 Nf4 17. Qe3 c5 18. e5 dxe5 19. Nxe5 Re8 0-1

[Event "AUTO-OPEN-3628"]
[Site "http://www.queenalice.com/game.php?id=1414437"]
[Date "2016.3.21"]
[Round "1"]
[White "DORJJA"]
[Black "erig1969"]
[Result "0-1"]
[WhiteElo "1348"]
[BlackElo "1997"]

1. e4 c5 2. d4 cxd4 3. Qxd4 Nc6 4. Qc3 e5 5. Bb5 Nd4 6. Bc4 Be7 7. Nf3 Nxf3+ 8.
Qxf3 Nf6 9. Nc3 O-O 10. Qg3 d6 11. Be2 b6 12. Bh6 g6 13. Bxf8 Bxf8 14. Nd5 Nd7
15. b4 Bb7 16. O-O Bxd5 17. exd5 Nf6 18. Qf3 Be7 19. b5 Nh5 20. c4 Nf4 21. a4
Bf6 22. g3 Nh3+ 23. Kg2 Ng5 24. Qg4 h5 25. Qh4 e4 26. f4 Nf3 0-1

[Event "AUTO-OPEN-3628"]
[Site "http://www.queenalice.com/game.php?id=1414438"]
[Date "2016.3.21"]
[Round "1"]
[White "erig1969"]
[Black "DORJJA"]
[Result "1-0"]
[WhiteElo "1999"]
[BlackElo "1346"]

1. d4 d5 2. c4 dxc4 3. e4 e5 4. d5 b5 5. Nc3 a6 6. Be2 Nf6 7. Qc2 Bc5 8. h3 Nbd7
9. Nf3 h6 10. O-O O-O 11. a3 Qe7 12. Nh4 Nb6 13. Re1 Nh5 14. Nf3 Qf6 15. Rb1 Qg6
16. Nh4 Qf6 17. Bxh5 Qxh4 18. Qe2 Bxf2+ 19. Qxf2 Qxh5 20. Be3 Qg6 21. Qf3 f5 22.
Rf1 f4 23. Bf2 Nd7 24. Bh4 Nc5 25. Be7 Nxe4 26. Nxe4 1-0